000 00686nam a22002177a 4500
999 _c5963
_d5963
003 AR-CdUCM
008 190313b ||||| |||| 00| 0 spa d
040 _aMUNICIPALIDAD PROVINCIAL DEL CUSCO
_cBIBLIOTECA MUNICIPAL DEL CUSCO
082 _a818.5 /
_bR54
100 _aRichter, Conrad
_912475
245 _aLas aguas del kronos /
260 _aBuenos aires :
_bPlaza y janes editores,
_c1966.
300 _a168 paginas ;
_c18 cm.
500 _aDonación de la familia Nieto.
505 _aContenido :Las aguas de Kronos.
650 _aLiteratura contemporánea
_9759
650 _aHistorias
_9862
650 _aLiteratura del siglo xx
_97647
942 _2ddc
_cLIBROS
945 _arum